000 00649nam a2200241Ia 4500
003 OSt
005 20220928104509.0
006 a|||||r|||| 00| 0
007 ta
008 220927b |||||||| |||| 00| 0 eng d
024 _a69669
037 _cTextual
040 _aSDCL
_cSDCL
_beng
041 _2eng
_aeng
082 _aX:51:f, P6
100 _aGoel B R Ed.
_9410691
245 0 _aTheories and techniques of research in marketing
260 _aNew Delhi
_bArise Publishers
_c2006
300 _a287p
_ccm.
650 _aMarket Research
_9406009
942 _hX:51:f, P6
_cTEXL
_2CC
999 _c726374
_d726374